000 00501cam a2200181ua 4500
003 OSt
008 250804b |||||||| |||| 00| 0 eng d
020 _a9780045190195
041 _aeng
082 _a519.5
_bNEA/DI
100 _aNeave, H.R .
_97680
245 _aDistribution free tests /
260 _aLondon :
_bUnwin Hyman Inc ,
_c1988.
300 _a430 ; .
650 _aNonparametric statistics; Statistical hypothesis testing
_97681
700 1 _aWorthington , P.L .
_97682
942 _cBK
999 _c12095
_d12095